| 000 | 00479nam a2200181Ia 4500 | ||
|---|---|---|---|
| 008 | 210210b1960 xxu||||| |||| 00| 0 eng d | ||
| 041 | _aeng | ||
| 082 | _a333/10 | ||
| 100 | _aINDIA (Governmet of) | ||
| 245 | _aAchievements of planning 1960 | ||
| 260 |
_aNew Delhi _bPublication Division Ministry of Information & Broadcasting _c1960 |
||
| 650 | _aplanning | ||
| 650 | _aof | ||
| 650 | _aAchievements | ||
| 650 | _a1960 | ||
| 690 | _aEconomic Planning | ||
| 906 | _a004183 | ||
| 999 |
_c123444 _d123444 |
||